[Event "4th Al Ain Chess Classic"]
[Site "Al-Ain UAE"]
[Date "2015.12.28"]
[Round "7.42"]
[White "Bashirli, Nail"]
[Black "Parvanyan, Ashot"]
[Result "1-0"]
[WhiteTitle "FM"]
[WhiteElo "2338"]
[BlackElo "2197"]
[WhiteFideId "13406809"]
[BlackFideId "13307550"]
[EventDate "2015.12.23"]

1. e4 e6 2. d4 d5 3. Nd2 Nf6 4. e5 Nfd7 5. Bd3 c5 6. c3 Nc6 7. Ne2 cxd4 8. cxd4
f6 9. exf6 Nxf6 10. O-O Bd6 11. Nf3 Qc7 12. Bd2 O-O 13. Rc1 Qb6 14. Bc3 Bd7 15.
Ng3 Rae8 16. Re1 g6 17. Ne5 Re7 18. Nxd7 Nxd7 19. Qg4 Rf4 20. Qg5 Nd8 21. Bd2
Nf7 22. Qxe7 Bxe7 23. Bxf4 Qxd4 24. Bb5 Nf8 25. Be3 Qxb2 26. a4 a6 27. Bf1 Qb4
28. Ra1 Bf6 29. Reb1 Qh4 30. Ra3 Ne5 31. Rxb7 Ng4 32. h3 Nxe3 33. Rxe3 Qxa4 34.
Rf3 Bg7 35. Ne2 Be5 36. Ra7 Qa2 37. Ra8 Bg7 38. Nf4 d4 39. Rxa6 Qb1 40. Nxe6
Nxe6 41. Rxe6 h5 42. g3 Qb7 43. Kg2 1-0

[Event "4th Al Ain Chess Classic"]
[Site "Al-Ain UAE"]
[Date "2015.12.28"]
[Round "7.43"]
[White "Arvola, Benjamin"]
[Black "Arjun Kalyan"]
[Result "1/2-1/2"]
[WhiteTitle "FM"]
[WhiteElo "2328"]
[BlackElo "2107"]
[WhiteFideId "1506536"]
[BlackFideId "35018701"]
[EventDate "2015.12.23"]

1. d4 Nf6 2. c4 e6 3. Nc3 d5 4. cxd5 exd5 5. Bg5 Be7 6. e3 O-O 7. Bd3 Nbd7 8.
Nge2 c6 9. Qc2 Re8 10. O-O Nf8 11. f3 Be6 12. Rad1 N6d7 13. Bf4 Bf6 14. e4 g6
15. Bh6 Bg7 16. Qd2 Bxh6 17. Qxh6 Qf6 18. e5 Qg7 19. Qh4 f6 20. f4 fxe5 21. fxe5
a6 22. Rf2 Rad8 23. Rdf1 Re7 24. b4 Rde8 25. Na4 Rf7 26. Nf4 Ree7 27. Nc5 Nxc5
28. bxc5 g5 29. Nxe6 Nxe6 30. Qg4 Rf4 31. Rxf4 gxf4 32. Qh3 Re8 33. Kh1 h6 34.
g3 fxg3 35. Rg1 Nf4 36. Qxg3 Qxg3 37. Rxg3+ Kh8 38. Bf5 Rf8 39. Bd7 Rf7 40. Bc8
Rc7 41. Bg4 h5 42. Bf5 Ne2 43. Rd3 Rf7 44. e6 Rg7 45. Rd1 Re7 46. Rd2 Nc3 47.
Kg2 Kg7 48. Rf2 Nb5 49. Rf4 Nc7 50. Rf3 Nxe6 51. Re3 Kf6 52. Bxe6 Rxe6 53. Rxe6+
Kxe6 54. Kf3 Kf5 55. h3 h4 56. Ke3 Kg5 1/2-1/2

[Event "4th Al Ain Chess Classic"]
[Site "Al-Ain UAE"]
[Date "2015.12.28"]
[Round "7.44"]
[White "Guliyev, Gasan"]
[Black "Kulkarni, Bhakti"]
[Result "1-0"]
[BlackTitle "CM"]
[WhiteElo "2019"]
[BlackElo "2328"]
[WhiteFideId "13404407"]
[BlackFideId "5019516"]
[EventDate "2015.12.23"]

1. d4 g6 2. c4 Bg7 3. Nc3 Nf6 4. e4 d6 5. Nf3 O-O 6. Be2 Na6 7. Bg5 Qe8 8. Nd2
e5 9. d5 Bd7 10. O-O h6 11. Be3 Nh7 12. a3 f5 13. f3 f4 14. Bf2 Nc5 15. Qc2 a6
16. b4 Na4 17. c5 Nxc3 18. Qxc3 Rf7 19. cxd6 cxd6 20. Nc4 Bf8 21. Nb6 Rb8 22.
Rfc1 Nf6 23. Nxd7 Qxd7 24. b5 g5 25. bxa6 bxa6 26. Qc6 Qd8 27. Rab1 Rxb1 28.
Rxb1 g4 29. Rb7 Be7 30. Rc7 Kg7 31. Rc8 Qa5 32. Qxa6 Qd2 33. Qd3 Qb2 34. Rc2
Qa1+ 35. Bf1 gxf3 36. gxf3 Kh7 37. Rd2 Rg7+ 38. Kh1 Bd8 39. Rd1 Qa2 40. Be2 Rc7
41. Kg2 Rc2 42. Kf1 Rb2 43. Qa6 Kg6 44. a4 Nxe4 45. Qd3 Rxe2 46. Qxe2 Qxe2+ 47.
Kxe2 Nc3+ 48. Kd2 Nxd1 49. Kxd1 Kf5 50. Ke2 e4 51. Bd4 Ba5 52. h3 e3 53. Kd3 Kg6
54. Bc3 Bb6 55. a5 Bc5 56. Ke4 Kg5 57. Be1 e2 58. h4+ Kf6 59. Kxf4 h5 60. a6 Kg6
61. Ke4 Ba7 62. Kd3 Kf5 63. Kxe2 Ke5 64. Bf2 Bb8 65. a7 Bxa7 66. Bxa7 Kxd5 67.
Ke3 1-0

[Event "4th Al Ain Chess Classic"]
[Site "Al-Ain UAE"]
[Date "2015.12.28"]
[Round "7.45"]
[White "Asadli, Vugar"]
[Black "Khalafova, Narmin"]
[Result "1-0"]
[WhiteTitle "FM"]
[BlackTitle "WIM"]
[WhiteElo "2323"]
[BlackElo "2138"]
[WhiteFideId "13405764"]
[BlackFideId "13402625"]
[EventDate "2015.12.23"]

1. e4 c5 2. Nf3 Nc6 3. Nc3 g6 4. d4 cxd4 5. Nxd4 Bg7 6. Be3 Nf6 7. Bc4 Qa5 8.
O-O O-O 9. Re1 Ng4 10. Qxg4 Nxd4 11. Qd1 Qb4 12. Bxd4 Qxc4 13. Bxg7 Kxg7 14. e5
b6 15. Qd2 Qc6 16. Rad1 Bb7 17. Qg5 f6 18. Qg3 Rad8 19. h4 f5 20. Nd5 f4 21. Qg5
Rde8 22. c3 h5 23. Nxe7 Rxe7 24. Qxe7+ Rf7 25. Qg5 Rf5 26. Rd6 Rxg5 27. Rxc6
Rxg2+ 28. Kxg2 Bxc6+ 29. f3 Bd5 30. Rd1 Be6 31. Rd4 a5 32. a3 g5 33. hxg5 Kg6
34. Rxf4 Kxg5 35. Kg3 b5 36. a4 1-0

[Event "4th Al Ain Chess Classic"]
[Site "Al-Ain UAE"]
[Date "2015.12.28"]
[Round "7.46"]
[White "Jayakumaar S"]
[Black "Gadimbayli, Abdulla"]
[Result "1/2-1/2"]
[BlackTitle "FM"]
[WhiteElo "2169"]
[BlackElo "2320"]
[WhiteFideId "5090997"]
[BlackFideId "13404938"]
[EventDate "2015.12.23"]

1. e4 e6 2. d4 d5 3. Nc3 Bb4 4. e5 c5 5. a3 Bxc3+ 6. bxc3 Ne7 7. h4 Nbc6 8. Nf3
Qa5 9. Bd2 cxd4 10. cxd4 Qa4 11. h5 h6 12. Bd3 b6 13. Qe2 Bd7 14. Rh4 Na5 15.
Rg4 Nf5 16. Bb4 Rg8 17. Rf4 Nc4 18. g4 a5 19. Bc3 Ne7 20. Nd2 Bb5 21. Rb1 Rc8
22. Rf3 Rc6 23. Rb3 Ba6 24. Nb1 Rc7 25. Nd2 Qc6 26. Rg3 Kd8 27. g5 hxg5 28. Rxg5
Nxd2 29. Bxd2 Bxd3 30. Qxd3 Nf5 31. Rg4 Rh8 32. Rg5 Kd7 33. Rc3 Qb7 34. Rxf5
exf5 35. Qxf5+ Ke8 36. Rg3 Qc6 37. Rc3 Qd7 38. e6 fxe6 39. Qg6+ Kd8 40. Rb3 Qc6
41. Bf4 Rb7 42. Be5 Qe8 43. Qg5+ Qe7 44. Qg4 b5 45. Rg3 b4 46. axb4 Qxb4+ 47.
Kf1 Qe7 48. Bxg7 Qxg7 49. Qxg7 Rxg7 50. Rxg7 Rxh5 51. Kg2 e5 52. Ra7 exd4 53.
Rxa5 Re5 54. f4 Re2+ 55. Kf3 Rxc2 56. Rxd5+ Ke7 57. Rxd4 Kf6 58. Rd6+ Kf5 59.
Rd5+ Kf6 60. Ra5 Rc1 61. Ra2 Kf5 62. Ra5+ Kf6 63. Rh5 Rf1+ 64. Kg3 Rg1+ 1/2-1/2

[Event "4th Al Ain Chess Classic"]
[Site "Al-Ain UAE"]
[Date "2015.12.28"]
[Round "7.47"]
[White "Danielyan, Vahe"]
[Black "Algildah, Khalid"]
[Result "1-0"]
[BlackTitle "FM"]
[WhiteElo "2307"]
[BlackElo "2086"]
[WhiteFideId "13304828"]
[BlackFideId "7600828"]
[EventDate "2015.12.23"]

1. e4 g6 2. d4 Bg7 3. Nc3 c6 4. f4 d5 5. e5 h5 6. Nf3 Nh6 7. Be3 Bg4 8. Be2 Nf5
9. Bf2 e6 10. Ng1 Bxe2 11. Ngxe2 Bf8 12. Qd2 a5 13. g3 a4 14. h3 Nd7 15. O-O-O
Nb6 16. Rdg1 Nc4 17. Qd3 Qb6 18. Nd1 Ra5 19. g4 Rb5 20. gxf5 Rxb2 21. Nec3 Rxa2
22. Nxa2 Ba3+ 23. Nb2 exf5 24. e6 Qxb2+ 25. Kd1 Qxa2 26. Ke2 Nb2 27. Qe3 Bd6 28.
exf7+ Kxf7 29. Rxg6 Qc4+ 30. Kf3 Kxg6 31. Qe6+ Kh7 32. Qf7+ Kh6 33. Rg1 Qc3+ 34.
Be3 1-0

[Event "4th Al Ain Chess Classic"]
[Site "Al-Ain UAE"]
[Date "2015.12.28"]
[Round "7.48"]
[White "Kurbonboeva, Sarvinoz"]
[Black "Hakobyan, Hovhannes H."]
[Result "1/2-1/2"]
[WhiteTitle "WIM"]
[WhiteElo "2295"]
[BlackElo "2112"]
[WhiteFideId "14201780"]
[BlackFideId "13306308"]
[EventDate "2015.12.23"]

1. d4 Nf6 2. c4 g6 3. Nc3 Bg7 4. e4 d6 5. Be2 O-O 6. Nf3 e5 7. O-O Nc6 8. d5 Ne7
9. b4 a5 10. Ba3 axb4 11. Bxb4 b6 12. a4 Re8 13. Ne1 c5 14. dxc6 Nxc6 15. Bxd6
Nd4 16. Bb4 Ba6 17. Bd3 Ra7 18. f3 Nc6 19. Qb3 Nxb4 20. Qxb4 Bf8 21. Qb3 Qd4+
22. Kh1 Rc8 23. Rc1 Bxc4 24. Bxc4 Qxc4 25. Qxc4 Rxc4 26. Nd3 Ba3 27. Nxe5 Rc5
28. Nd3 Rc4 29. Ne5 Rc5 30. Nd3 Rc4 1/2-1/2

[Event "4th Al Ain Chess Classic"]
[Site "Al-Ain UAE"]
[Date "2015.12.28"]
[Round "7.49"]
[White "Abdulla, Khayala"]
[Black "Ahmed, Fareed"]
[Result "0-1"]
[WhiteTitle "WGM"]
[BlackTitle "FM"]
[WhiteElo "2256"]
[BlackElo "1970"]
[WhiteFideId "13401807"]
[BlackFideId "9303677"]
[EventDate "2015.12.23"]

1. e4 e6 2. d4 d5 3. Nc3 Nf6 4. Bg5 dxe4 5. Nxe4 Be7 6. Bxf6 gxf6 7. c3 b6 8.
Qf3 c6 9. Bc4 Bb7 10. Qh5 Qc8 11. Qh6 Nd7 12. Nf3 Qc7 13. Qg7 Rf8 14. Qxh7 c5
15. dxc5 f5 16. Ned2 Bxf3 17. Nxf3 Qxc5 18. Bb3 Nf6 19. Qh6 O-O-O 20. Qe3 Qc6
21. O-O Bc5 22. Nd4 Qc7 23. Bc2 Bxd4 24. cxd4 Nd5 25. Qd3 0-1

[Event "4th Al Ain Chess Classic"]
[Site "Al-Ain UAE"]
[Date "2015.12.28"]
[Round "7.50"]
[White "Abdulov, Orkhan"]
[Black "Sameir, Ramez"]
[Result "1-0"]
[WhiteTitle "IM"]
[WhiteElo "2356"]
[BlackElo "2080"]
[WhiteFideId "13402714"]
[BlackFideId "10606017"]
[EventDate "2015.12.23"]

1. c4 e6 2. g3 d5 3. Bg2 Nf6 4. b3 c6 5. Bb2 Nbd7 6. Nf3 Bd6 7. d4 Ne4 8. O-O
O-O 9. e3 Qe7 10. Nc3 f5 11. Ne2 dxc4 12. bxc4 e5 13. Qd3 Nxf2 14. Qb3 Nd3 15.
c5+ Qf7 16. Qxf7+ Kxf7 17. cxd6 Nxb2 18. dxe5 Re8 19. Ned4 Nxe5 20. Nxe5+ Rxe5
21. Rab1 Nc4 22. d7 Bxd7 23. Rxb7 Re7 24. Nxf5 Bxf5 25. Rxf5+ Ke6 26. Rxe7+ Kxe7
27. Rc5 Nb6 28. Rxc6 Rd8 29. Rc2 h6 30. Kf2 Rd3 31. Kf3 Kd6 32. Kf4 Nd5+ 33.
Bxd5 Rxd5 34. Rc4 Rb5 35. a4 Ra5 36. Ke4 Re5+ 37. Kd4 Rd5+ 38. Kc3 Re5 39. Kd3
Ra5 40. Rg4 g5 41. h4 gxh4 42. Rxh4 h5 43. Rd4+ Ke6 44. Ke4 Re5+ 45. Kf3 Rc5 46.
Rb4 Rf5+ 47. Kg2 Re5 48. e4 Rc5 49. Kf3 a5 50. Rb6+ Ke5 51. Rb3 Ke6 52. Kf4 Rc4
53. Rb6+ Kf7 54. Kf5 Rxa4 55. e5 Rb4 56. Ra6 Rb5 57. Ra7+ Kg8 58. Kg6 Rb6+ 59.
Kxh5 Re6 60. Rxa5 Rb6 61. Kg5 Kf7 62. Kf5 Ke7 63. Ra7+ Kf8 64. g4 Rc6 65. g5 Rb6
66. g6 Kg8 67. e6 Rb8 68. Kf6 Rf8+ 69. Rf7 Ra8 70. e7 Ra6+ 71. Kg5 Ra5+ 72. Kh6 1-0

[Event "4th Al Ain Chess Classic"]
[Site "Al-Ain UAE"]
[Date "2015.12.28"]
[Round "7.51"]
[White "Abtini, Hasan"]
[Black "Zozulia, Anna"]
[Result "0-1"]
[BlackTitle "IM"]
[WhiteElo "1992"]
[BlackElo "2335"]
[WhiteFideId "7601506"]
[BlackFideId "14102110"]
[EventDate "2015.12.23"]

1. c4 Nf6 2. Nc3 g6 3. e4 d6 4. d4 Bg7 5. Be3 O-O 6. f3 Nc6 7. Bd3 e5 8. Nge2
Ng4 9. fxg4 exd4 10. Nxd4 Bxd4 11. Bxd4 Nxd4 12. O-O Be6 13. h3 Nc6 14. Qd2 Ne5
15. Nd5 f6 16. Rf2 c6 17. Ne3 Qe7 18. b3 a5 19. Rd1 Qc7 20. Be2 Rad8 21. Nc2 Kg7
22. Nd4 Bc8 23. Qe3 Qe7 24. Bf3 a4 25. Qf4 axb3 26. axb3 Bd7 27. Ra2 c5 28. Ne2
b5 29. cxb5 Bxb5 30. Nc3 Bc6 31. Nd5 Bxd5 32. exd5 Rb8 33. Qe3 Qb7 34. Rb1 Rf7
35. Be4 Re7 36. Ra4 Qb5 37. Bc2 Qb7 38. Qd2 Ree8 39. g5 fxg5 40. Qxg5 Qxd5 0-1

[Event "4th Al Ain Chess Classic"]
[Site "Al-Ain UAE"]
[Date "2015.12.28"]
[Round "7.52"]
[White "Safranska, Anda"]
[Black "Asgarova, Turan"]
[Result "0-1"]
[WhiteTitle "WGM"]
[WhiteElo "2259"]
[BlackElo "1935"]
[WhiteFideId "11600209"]
[BlackFideId "13403451"]
[EventDate "2015.12.23"]

1. e4 c5 2. Be2 Nc6 3. f4 d6 4. Nf3 g6 5. O-O Bg7 6. c3 Nf6 7. d3 O-O 8. Kh1 e6
9. Na3 a6 10. Nc2 b5 11. Qe1 Bb7 12. Be3 Rc8 13. Qh4 Nd7 14. Qh3 Re8 15. Rae1
Nf8 16. a3 a5 17. f5 exf5 18. exf5 Qd7 19. Ng5 f6 20. Ne4 Ne5 21. Nd2 Re7 22. d4
Nf7 23. Bg4 g5 24. Bf3 h6 25. Bf2 cxd4 26. Rxe7 Qxe7 27. Nxd4 Ne5 28. Bxb7 Qxb7
29. Qe3 Nfd7 30. Qe2 b4 31. axb4 axb4 32. Ne4 Qb8 33. Nb5 d5 34. Ba7 Qa8 35.
Ned6 Rc6 36. Ra1 Bf8 37. Qd1 Rxd6 38. Nxd6 Bxd6 39. Ra5 bxc3 40. bxc3 Bc7 41.
Bb6 Qc6 42. Bxc7 Qxc7 43. Qxd5+ Kg7 44. Ra8 Nf7 45. Qd3 Qf4 46. Ra1 Nde5 47. Qf1
Qd2 48. c4 Ng4 49. Qc1 Qd6 50. Qg1 Qf4 51. g3 Qxc4 52. Qg2 Qd3 53. h3 Nge5 54.
Rf1 Nd6 55. g4 Ne4 56. Ra1 Qd4 57. Rb1 Nc5 58. Rc1 h5 59. Rg1 Ne4 60. Rf1 Qe3
61. Kh2 hxg4 62. hxg4 Nd2 63. Qb7+ Kh6 0-1

[Event "4th Al Ain Chess Classic"]
[Site "Al-Ain UAE"]
[Date "2015.12.28"]
[Round "7.53"]
[White "Pujari, Rucha"]
[Black "Parnali, S Dharia"]
[Result "1/2-1/2"]
[WhiteTitle "WFM"]
[BlackTitle "WIM"]
[WhiteElo "2158"]
[BlackElo "2002"]
[WhiteFideId "5024528"]
[BlackFideId "5043131"]
[EventDate "2015.12.23"]

1. d4 d5 2. c4 e6 3. Nf3 Nf6 4. Nc3 Bb4 5. Qa4+ Nc6 6. Bg5 h6 7. Bxf6 Qxf6 8. e3
O-O 9. Rd1 Bd7 10. Qb3 a5 11. a3 a4 12. Qc2 Bxc3+ 13. Qxc3 dxc4 14. Bxc4 Rfd8
15. O-O Na7 16. Ne5 Bb5 17. Qb4 c6 18. Rc1 h5 19. h3 Bxc4 20. Nxc4 Nb5 21. Nb6
Ra6 22. Nxa4 Nxd4 23. exd4 Rxd4 24. Qxb7 Raxa4 25. Qxc6 Rf4 26. Rc2 Rad4 27. b4
Rd3 28. b5 Rxa3 29. Qc5 Rb3 30. Qxh5 Qh6 31. Qe2 Rf5 32. Rc8+ Kh7 33. Rb8 Qf4
34. Rb7 Qd4 35. Rd1 Qb2 36. Rd2 Qb1+ 37. Rd1 Qb2 38. Rd2 Qb1+ 39. Kh2 Rbxb5 40.
Re7 Rbe5 41. Qc4 Re4 42. Rd4 Rxd4 43. Qxd4 Qe1 44. Qh4+ Kg6 45. Qg3+ Kf6 46.
Qh4+ Kg6 47. Qg3+ Kf6 48. Qh4+ Kg6 49. Qg3+ Kf6 50. Qh4+ 1/2-1/2

[Event "4th Al Ain Chess Classic"]
[Site "Al-Ain UAE"]
[Date "2015.12.28"]
[Round "7.54"]
[White "Mayed AlRashedi"]
[Black "Wafa, Shrook"]
[Result "1-0"]
[WhiteTitle "FM"]
[BlackTitle "WGM"]
[WhiteElo "1895"]
[BlackElo "2115"]
[WhiteFideId "9303871"]
[BlackFideId "10609970"]
[EventDate "2015.12.23"]

1. e4 c5 2. Nf3 d6 3. d4 cxd4 4. Nxd4 Nf6 5. Nc3 g6 6. Be3 Bg7 7. f3 O-O 8. Qd2
Nc6 9. O-O-O Bd7 10. h4 Ne5 11. Bh6 Rc8 12. h5 Bxh6 13. Qxh6 Rxc3 14. bxc3 Nxh5
15. g4 Nf6 16. g5 Nh5 17. Nf5 Bxf5 18. exf5 Qb6 19. Rd4 Nd7 20. Rxh5 gxh5 21. f6
exf6 22. Bd3 Re8 23. Bxh7+ 1-0

[Event "4th Al Ain Chess Classic"]
[Site "Al-Ain UAE"]
[Date "2015.12.28"]
[Round "7.55"]
[White "Saiid, Samir"]
[Black "Ashid, Tsetsegulzii"]
[Result "1-0"]
[WhiteElo "2200"]
[BlackElo "1869"]
[WhiteFideId "10601546"]
[BlackFideId "4902904"]
[EventDate "2015.12.23"]

1. e4 e6 2. d3 d5 3. Nd2 c5 4. Ngf3 Nc6 5. c3 Nf6 6. Qe2 Be7 7. g3 O-O 8. Bg2 b5
9. e5 Nd7 10. O-O a5 11. Re1 Ba6 12. d4 b4 13. Qe3 bxc3 14. bxc3 cxd4 15. Nxd4
Ncxe5 16. Bh3 Nd3 17. Rd1 Nxc1 18. Raxc1 Bc5 19. N2b3 Bb6 20. Qe1 Re8 21. a4 Nc5
22. Nxc5 Bxc5 23. Nb5 Rb8 24. Bf1 Qf6 25. Nc7 Bxf1 26. Nxe8 Qf3 27. Qxf1 Rb2 28.
Qg2 Qg4 29. Rd4 Bxd4 30. cxd4 h6 31. Nd6 Qxd4 32. Qf3 f6 33. Re1 e5 34. Rc1 Rb8
35. Rc7 Qd2 36. Qg4 Qg5 37. Qe6+ Kh7 38. Qxd5 Qh5 39. Qd3+ Kh8 40. Nf5 1-0

[Event "4th Al Ain Chess Classic"]
[Site "Al-Ain UAE"]
[Date "2015.12.28"]
[Round "7.56"]
[White "Tarini Goyal"]
[Black "Ismael, Namir Mohammed Ismael"]
[Result "1/2-1/2"]
[WhiteTitle "WFM"]
[BlackTitle "CM"]
[WhiteElo "1826"]
[BlackElo "2254"]
[WhiteFideId "5082749"]
[BlackFideId "4800800"]
[EventDate "2015.12.23"]

1. d4 Nf6 2. c4 e6 3. Nc3 d5 4. cxd5 exd5 5. Bg5 Be7 6. e3 c6 7. Bd3 Bg4 8. Qc2
Nbd7 9. Nge2 Bh5 10. Nf4 Bg6 11. Nxg6 hxg6 12. h4 Nf8 13. O-O-O Ne6 14. f4 Qd7
15. f5 gxf5 16. Bxf5 O-O-O 17. e4 Nxe4 18. Nxe4 dxe4 19. Bxe7 Qxe7 20. d5 Rxh4
21. Bh3 Qg5+ 22. Kb1 Rxh3 23. gxh3 Rxd5 24. Qxe4 Qf5 25. Qxf5 Rxf5 26. Rdf1
Rxf1+ 27. Rxf1 f6 28. Kc2 Kd7 29. Kd3 Ke7 30. Ke3 g5 31. Ke4 Nc7 32. h4 gxh4 33.
Rh1 Nd5 1/2-1/2

[Event "4th Al Ain Chess Classic"]
[Site "Al-Ain UAE"]
[Date "2015.12.28"]
[Round "7.57"]
[White "Afshar, Niusha"]
[Black "Mammadov, Gulam"]
[Result "0-1"]
[WhiteElo "1961"]
[BlackElo "2086"]
[WhiteFideId "12509892"]
[BlackFideId "13404040"]
[EventDate "2015.12.23"]

1. e4 c5 2. c3 d5 3. exd5 Qxd5 4. d4 g6 5. Nf3 Bg7 6. Be3 cxd4 7. Bxd4 Nf6 8.
Nbd2 Nc6 9. Bc4 Qa5 10. b4 Qc7 11. Qb3 O-O 12. Bxf6 Bxf6 13. Ne4 Ne5 14. Nxf6+
exf6 15. Nxe5 Qxe5+ 16. Kf1 Bf5 17. Re1 Qc7 18. f3 Rfe8 19. g4 Rxe1+ 20. Kxe1
Be6 21. Bxe6 Re8 22. Kf2 Rxe6 23. Kg2 Re2+ 24. Kh3 Qf4 25. Qd5 Rf2 26. Qd4 Qxf3+
27. Kh4 g5+ 0-1

[Event "4th Al Ain Chess Classic"]
[Site "Al-Ain UAE"]
[Date "2015.12.28"]
[Round "7.58"]
[White "Rahul Srivatshav P"]
[Black "Anisuzzaman, Jewel"]
[Result "1-0"]
[WhiteElo "2086"]
[BlackElo "2078"]
[WhiteFideId "25059653"]
[BlackFideId "10204695"]
[EventDate "2015.12.23"]

1. d4 Nf6 2. c4 e6 3. Nc3 d5 4. cxd5 exd5 5. Bg5 Be7 6. e3 O-O 7. Bd3 c6 8. Qc2
Nbd7 9. Nf3 Re8 10. O-O Nf8 11. h3 Ne4 12. Bf4 Nxc3 13. bxc3 Ng6 14. Bh2 Be6 15.
a4 b6 16. c4 c5 17. cxd5 Bxd5 18. e4 Bb7 19. Bb5 Rf8 20. d5 f6 21. Nd2 Bd6 22.
f4 Qb8 23. Nc4 Bxf4 24. Bxf4 Nxf4 25. a5 bxa5 26. Rab1 g5 27. Bc6 Rf7 28. Nxa5
Qe5 29. Bxb7 Raf8 30. Nc4 Qb8 31. Bc6 Qc8 32. Nd6 Qd8 33. Nxf7 Rxf7 34. Qb3 Qd6
35. Qb8+ 1-0

[Event "4th Al Ain Chess Classic"]
[Site "Al-Ain UAE"]
[Date "2015.12.28"]
[Round "7.59"]
[White "Musallam Salim Al Aamri"]
[Black "Ali, Abdulaziz"]
[Result "0-1"]
[WhiteElo "1888"]
[BlackElo "1855"]
[WhiteFideId "22000399"]
[BlackFideId "9304347"]
[EventDate "2015.12.23"]

1. e4 e5 2. d4 exd4 3. Nf3 Nc6 4. Nxd4 Bc5 5. Be3 Bb6 6. Bc4 Qe7 7. O-O Nf6 8.
Nc3 O-O 9. Re1 Ne5 10. Bb3 Neg4 11. Qf3 Qe5 12. Rad1 Qxh2+ 13. Kf1 Nxe3+ 14.
fxe3 Qe5 15. Nf5 d6 16. g4 Kh8 17. g5 Nxe4 18. Rd5 Qxd5 0-1

[Event "4th Al Ain Chess Classic"]
[Site "Al-Ain UAE"]
[Date "2015.12.28"]
[Round "7.60"]
[White "Al Hosani, Omran"]
[Black "Soyunlu, Narmin"]
[Result "0-1"]
[WhiteTitle "CM"]
[WhiteElo "1817"]
[BlackElo "1919"]
[WhiteFideId "9308733"]
[BlackFideId "13400843"]
[EventDate "2015.12.23"]

1. e4 e6 2. d4 d5 3. Nd2 Nf6 4. e5 Nfd7 5. Bd3 c5 6. c3 Nc6 7. Ngf3 g6 8. h4 h6
9. Bc2 Bg7 10. O-O cxd4 11. cxd4 Qb6 12. Nb3 a5 13. Be3 a4 14. Nc5 Nxc5 15. dxc5
Qa5 16. Bd4 Bd7 17. Re1 Nxd4 18. Nxd4 Qxc5 19. Rc1 Qb6 20. h5 g5 21. Qd2 O-O 22.
Qd3 f5 23. g4 Ra5 24. Rcd1 Bb5 25. Nxb5 Rxb5 26. b3 Rb4 27. gxf5 Rxf5 28. Re3
Rg4+ 29. Kh1 Rxf2 30. Rd2 axb3 31. axb3 Rf7 32. Qh7+ Kf8 33. Qd3 Rgf4 0-1

[Event "4th Al Ain Chess Classic"]
[Site "Al-Ain UAE"]
[Date "2015.12.28"]
[Round "7.61"]
[White "Ammar, Sedrani"]
[Black "Wettasinha, Vasanta"]
[Result "1-0"]
[WhiteTitle "FM"]
[WhiteElo "1573"]
[BlackElo "1858"]
[WhiteFideId "9312331"]
[BlackFideId "9904433"]
[EventDate "2015.12.23"]

1. d4 Nf6 2. Nf3 c5 3. d5 e6 4. Nc3 exd5 5. Nxd5 c4 6. e4 Bc5 7. Bxc4 Nxe4 8.
Qe2 O-O 9. Be3 Bxe3 10. Nxe3 Re8 11. O-O d6 12. Bd5 Nf6 13. Qc4 Nxd5 14. Qxd5
Nc6 15. Rfd1 Qf6 16. c3 Be6 17. Qxd6 Rad8 18. Qc7 Rxd1+ 19. Rxd1 Bxa2 20. Qxb7
g5 21. Qd7 Rd8 22. Qg4 Rxd1+ 23. Nxd1 h6 24. h4 Be6 25. Qe4 Bf5 26. Qe8+ Kg7 27.
hxg5 hxg5 28. Ne3 g4 29. Nd2 Ne5 30. Qa4 Bg6 31. Nd5 Qe6 32. Qd4 f6 33. Qxa7+
Kh6 34. Nf4 Qf5 35. Qe3 1-0

[Event "4th Al Ain Chess Classic"]
[Site "Al-Ain UAE"]
[Date "2015.12.29"]
[Round "8.3"]
[White "Pashikian, Arman"]
[Black "Areshchenko, Alexander"]
[Result "1/2-1/2"]
[WhiteTitle "GM"]
[BlackTitle "GM"]
[WhiteElo "2606"]
[BlackElo "2677"]
[WhiteFideId "13301578"]
[BlackFideId "14109530"]
[EventDate "2015.12.23"]

1. d4 Nf6 2. Nf3 g6 3. c4 Bg7 4. Nc3 d5 5. Qb3 dxc4 6. Qxc4 O-O 7. e4 a6 8. Be2
b5 9. Qb3 c5 10. dxc5 Be6 11. Qc2 Nbd7 12. Be3 Rc8 13. Rd1 b4 14. Nd5 Bxd5 15.
exd5 Nxc5 16. O-O Nce4 17. Qd3 Qd6 18. g3 Rfd8 19. Bf4 Qxd5 20. Qxa6 Qa8 21.
Qxa8 Rxa8 22. Rxd8+ Rxd8 23. Rd1 Rxd1+ 24. Bxd1 Nd5 25. Be5 Nc5 26. Kf1 Nd3 27.
Bxg7 Kxg7 28. Bb3 Nb6 29. Ke2 Nxb2 30. Ne5 f5 31. Ke3 Kf6 32. f4 g5 33. Kd4 gxf4
34. gxf4 N6a4 35. Nc6 Nc3 36. Nxb4 Ne2+ 37. Ke3 Nc3 38. Nc6 Nba4 39. Ne5 Nc5 40.
Bc4 N3a4 41. a3 Nb6 42. Ba2 Nba4 43. h3 Nb6 44. Kd4 Ne6+ 45. Bxe6 Kxe6 46. Kc5
Na4+ 47. Kc6 Nb2 48. Nd7 Nc4 49. Nc5+ Kf6 50. Nd7+ Ke6 51. a4 Na5+ 52. Kc7 Kd5
53. Nf8 e5 54. fxe5 Kxe5 55. Nxh7 Kf4 56. Kb6 Nb3 57. Kb5 Kg3 58. Ng5 f4 59. Kb4
Nd4 60. Kc4 Nc6 61. Kd5 Na5 62. Ke4 Nb3 63. Kf5 Nd4+ 64. Kg6 Nb3 65. Kh5 f3 66.
h4 Nc5 67. Nxf3 Nxa4 68. Nd4 Nc5 69. Nf5+ Kh3 70. Kg5 Ne6+ 71. Kf6 Nf4 72. Kg5 1/2-1/2

[Event "4th Al Ain Chess Classic"]
[Site "Al-Ain UAE"]
[Date "2015.12.29"]
[Round "8.4"]
[White "Volkov, Sergey"]
[Black "Motylev, Alexander"]
[Result "1/2-1/2"]
[WhiteTitle "GM"]
[BlackTitle "GM"]
[WhiteElo "2612"]
[BlackElo "2653"]
[WhiteFideId "4122763"]
[BlackFideId "4121830"]
[EventDate "2015.12.23"]

1. d4 d5 2. c4 c6 3. Nf3 Nf6 4. g3 g6 5. cxd5 cxd5 6. Bg2 Bg7 7. Nc3 O-O 8. O-O
Ne4 9. Ne5 Nxc3 10. bxc3 Nc6 11. Nxc6 bxc6 12. Qa4 Qb6 13. Ba3 Qa6 14. Qxa6 Bxa6
15. Rfb1 Rfb8 16. Bxe7 Bxe2 17. Bd6 Rd8 18. Bc5 Bf8 19. Bxf8 Kxf8 20. Rb7 Ba6
21. Rc7 Rdc8 22. Rd7 Rd8 23. Rc7 Rdc8 24. Rd7 Rd8 25. Rc7 Rdc8 1/2-1/2

[Event "4th Al Ain Chess Classic"]
[Site "Al-Ain UAE"]
[Date "2015.12.29"]
[Round "8.5"]
[White "Kuzubov, Yuriy"]
[Black "Adly, Ahmed"]
[Result "1/2-1/2"]
[WhiteTitle "GM"]
[BlackTitle "GM"]
[WhiteElo "2640"]
[BlackElo "2598"]
[WhiteFideId "14112906"]
[BlackFideId "10601619"]
[EventDate "2015.12.23"]

1. c4 e6 2. Nc3 d5 3. d4 Nf6 4. cxd5 Nxd5 5. e4 Nxc3 6. bxc3 c5 7. a3 cxd4 8.
cxd4 Be7 9. Nf3 O-O 10. Bd3 e5 11. dxe5 Nc6 12. O-O Bg4 13. Bb2 Bc5 14. Bc4 Nd4
15. Bxd4 Bxf3 16. Qxf3 Qxd4 17. Bd5 Qxe5 18. Bxb7 Rab8 19. Rab1 Kh8 20. Kh1 f5
21. Qd3 fxe4 22. Bxe4 Rxb1 23. Rxb1 Bd6 24. g3 Rxf2 25. Bg2 Rf8 1/2-1/2